000 00454nam a22001697a 4500
003 BD-ChCU
005 20251210092540.0
008 251210b bg ||||| |||| 00| 0 ben d
040 _cBD-ChCU
082 _a331.13 STU
100 _aStevenson , E.F.
_917859
245 _aUnemployment relief :
_bthe basic problems ./
_cE.F. Stevenson.
260 _aLondon :
_bAllen ,
_cC 1934
300 _a284p
650 0 _aUnemployed.
_917860
942 _2ddc
_cBK
_n0
999 _c110305
_d110305